| 000 | 00712nam a2200241 a 4500 | ||
|---|---|---|---|
| 999 |
_c1294 _d1294 |
||
| 008 | 191217s2012 ii a|||g |||| 00| 0 eng d | ||
| 020 |
_a9789350519035 _cRs. 498.00 |
||
| 040 |
_aKO _beng |
||
| 041 | 0 | _aeng | |
| 044 | _aii | ||
| 082 | 0 | 4 |
_223 _a330.954 _bM6911 |
| 100 | 1 | _aMisra, S. K. | |
| 245 | 1 | 0 |
_aIndian Economy : _bits development experience / _cS. K. Misra and V. K. Puri |
| 250 | _a30th rev. ed. | ||
| 260 |
_aMumbai : _bHimalaya Publishing House Pvt. Ltd. , _c2012. |
||
| 300 |
_axxix, 833 p. : _bill. ; _c28 cm |
||
| 650 | 0 |
_aEconomic conditions _vTextbooks _zIndia |
|
| 650 | 0 |
_aEconomic policy _vTextbooks _zIndia |
|
| 700 |
_aPuri, V. K. _eaut |
||
| 904 | _aA_BOSE | ||
| 942 | _cBK | ||